000 00775nam a22002657a 4500
001 BR2018002500
003 BR-BrBNA
005 20230928105400.0
007 ta
008 230509b bl.||||| |||| 00| 0 por d
040 _aBR-BrBNA
_bpor
_cBiblioteca Nacional de Agricultura
041 _a(Por)
072 _aH10; H20
_b1000
090 _ 1000 BR2018002500
110 1 _aFundo de Defesa da Citricultura, São Paulo, SP (Brasil)
_95193
245 1 _aTecnologia de Aplicação. Maior eficiência, menor custo; guia técnico
260 3 _aSão Paulo, SP (Brasil):
_c2004.
300 _a20 p.
650 _aFRUTA CÍTRICA
650 _aPULVERIZAÇÃO
650 _aCONTROLE QUIMICO
650 _aPULVERIZADOR
909 _a202309
_bLucia
_c55
_dLucia Elande
942 _cBK
999 _c84903
_d84903